Statistics for An die Freude (Ode to Joy) German Lyrics

Click here to take the quiz!

General Stats

  • This quiz has been taken 11 times
  • The average score is 69 of 167

Answer Stats

Answer% Correct
Alle
89%
alle
89%
aus
89%
die / der
89%
Elysium
89%
Freude
89%
(Freude)
89%
schöner
89%
Brüder
78%
Brüder / Fürstenbrüder
78%
den
78%
Gott
78%
Götterfunken
78%
Menschen / Bettler
78%
Tochter
78%
Was
78%
wie
78%
Wir
78%
betreten
67%
binden
67%
der
67%
er
67%
feuertrunken
67%
Himmlische
67%
wer
67%
Wer
67%
werden
67%
wieder
67%
Wo
67%
dein
56%
Deine
56%
ein
56%
Flügel
56%
geteilt
56%
Heiligtum
56%
Mode
56%
sanfter
56%
streng / Schwerd
56%
uns
56%
weilt
56%
An
44%
Diesen
44%
eine
44%
Guten
44%
sie
44%
Zauber
44%
zu
44%
auch
33%
Bahn
33%
Bösen
33%
Bund
33%
des
33%
diesem
33%
du
33%
Einen
33%
gekonnt
33%
Ihr
33%
Ja
33%
nie
33%
nur
33%
Seele
33%
sich
33%
trinken
33%
zum
33%
Ahnest
22%
auf
22%
Brüsten
22%
Cherub
22%
dem
22%
Durch
22%
Eines
22%
Erdenrund
22%
errungen
22%
eure
22%
fliegen
22%
Folgen
22%
Freudig
22%
Freund
22%
Freundes
22%
Froh
22%
gab
22%
ganzen
22%
gegeben
22%
gelungen
22%
geprüft
22%
große
22%
Held
22%
Himmels
22%
holdes
22%
ihn
22%
ihrer
22%
im
22%
Jubel
22%
Kuß
22%
Küsse
22%
Laufet
22%
lieber
22%
Millionen
22%
Mische
22%
muß
22%
Muß
22%
Natur
22%
nennt
22%
nieder
22%
Plan
22%
prächt'gen
22%
Reben
22%
Rosenspur
22%
Schöpfer
22%
Seid
22%
Sein
22%
sein
22%
seine
22%
seinen
22%
Siegen
22%
Sonnen
22%
stehle
22%
steht
22%
Sternen
22%
Sternenzelt
22%
stürzt
22%
Such'
22%
Tod
22%
Über
22%
über'm
22%
umschlungen
22%
Und
22%
und
22%
Vater
22%
vor
22%
ward
22%
Weib
22%
Weinend
22%
Welt
22%
Wem
22%
wer's
22%
Wesen
22%
wohnen
22%
Wollust
22%
Wurf
22%
Wurm
22%

Score Distribution

Percentile by Number Answered

Percent of People with Each Score

Your Score History

You have not taken this quiz